|
|
|
|
| LEADER |
00988nam a2200253 a 4500 |
| 001 |
1673843 |
| 008 |
091116s1999 maua b 001 0 eng d |
| 010 |
|
|
|a 98071974
|
| 020 |
|
|
|a 0395918456
|
| 040 |
|
|
|a DLC
|c DLC
|d DLC
|
| 082 |
0 |
0 |
|a 658.1/141
|2 21
|
| 100 |
1 |
|
|a Allen, Kathleen R.
|
| 245 |
1 |
0 |
|a Launching new ventures :
|b an entrepreneurial approach /
|c Kathleen R. Allen.
|
| 250 |
|
|
|a 2nd ed.
|
| 260 |
|
|
|a Boston :
|b Houghton Mifflin,
|c c1999.
|
| 300 |
|
|
|a xxii, 476 p. :
|b col. ill. ;
|c 24 cm.
|
| 504 |
|
|
|a Includes bibliographical references and index.
|
| 541 |
1 |
|
|e 00014851
|
| 650 |
|
0 |
|a New business enterprises
|x Management.
|
| 650 |
|
0 |
|a Small business
|x Planning.
|
| 650 |
|
0 |
|a Business planning.
|
| 852 |
4 |
|
|a Ayesha Abed Library
|j General Shelf
|
| 999 |
|
|
|c 5574
|d 5574
|
| 952 |
|
|
|0 0
|1 0
|2 ddc
|4 0
|6 658_114100000000000_ALL
|7 0
|9 5470
|a BRACUL
|b BRACUL
|c GEN
|d 2009-11-17
|g 0.00
|l 4
|m 26
|o 658.1141 ALL
|p 3010014851
|r 2025-05-23
|s 2025-03-13
|t 1
|w 2009-11-17
|y BK
|x No price found in the accession register.
|